000 00305nam a22001097a 4500
008 230621b xxu||||| |||| 00| 0 eng d
082 _a328.3
_bHOR
245 _aCorporate Plan
_b1 July 1990 to 30 June 1991
260 _bOffice of the Clerk of the House of Representatives
300 _a21p
942 _2ddc
_cBK
999 _c2220
_d2220